000 00346nam a2200145Ia 4500
008 250309s9999 xx 000 0 und d
020 _a9789381714799
082 _a615.5
_bBAL-P
100 _aBALLINGTON DON A
245 0 _aPHARMACOLOGY FOR TECHNICIANS
250 _aFIFTH
260 _aDJ BOOKS
_bMEDTECH
_c2025
300 _a682
942 _cBK
999 _c47876
_d47876